000 00564nam a22002057a 4500
003 OSt
005 20251101121650.0
008 160203b xxu||||| |||| 00| 0 eng d
020 _a0137130481
040 _c040a
082 _a005.74 HOF 2009
100 _aHoffer, Jeffrey A.; Prescott, Mary B.; Top, Heikki
_96615
245 _aModern Database Management
250 _a9th.ed
260 _aLondon;
_bPearson Education,
_c2009
300 _aiv, 729p;
_bCol.ill :
_c25 cm
504 _aincludes index
650 _aDatabase management
_9508
942 _2ddc
_cSLOAN
999 _c2944
_d2944